000 00284nam a22001337a 4500
008 181015b xxu||||| |||| 00| 0 eng d
020 _a9781580252393
041 _aeng
080 _a370
100 _a49
101 _aEDU
245 _aThe Sas Book
_cLora.d.d
942 _2udc
_cBK
999 _c49797
_d49797